| 000 | 00358nam a2200133Ia 4500 | ||
|---|---|---|---|
| 008 | 210210b2004 xxu||||| |||| 00| 0 eng d | ||
| 082 | _a657.046 REDA | ||
| 100 | _aREDDY (T S) and MURTHY (A). | ||
| 245 | _aAdvanced accountancy. Vol.1. | ||
| 260 |
_aChennai _bMargham Publications _c2004 |
||
| 300 | _axviii,37.50 | ||
| 690 | _aAccountancy | ||
| 906 | _a060759 | ||
| 999 |
_c107972 _d107972 |
||